The tough-minded optimist / (Record no. 6125)

MARC details
000 -LEADER
fixed length control field 00754cam a22002651 4500
001 - CONTROL NUMBER
control field 7027754
003 - CONTROL NUMBER IDENTIFIER
control field GBCCL
005 - DATE AND TIME OF LATEST TRANSACTION
control field 20241126110556.0
008 - FIXED-LENGTH DATA ELEMENTS--GENERAL INFORMATION
fixed length control field 750815s1961 nju 000 0 eng
010 ## -
-- 61016714
035 ## - SYSTEM CONTROL NUMBER
System control number (OCoLC)1550926
040 ## - CATALOGING SOURCE
Original cataloging agency DLC
Transcribing agency F
Modifying agency OCoLC
-- DLC
042 ## -
-- premarc
050 00 -
-- BJ1581.2
-- .P4
082 ## - DEWEY DECIMAL CLASSIFICATION NUMBER
Classification number 241.5
Item number PEA
100 1# - MAIN ENTRY--PERSONAL NAME
Personal name Peale, Norman Vincent
Dates associated with a name 1898-1993.
9 (RLIN) 9906
245 14 - TITLE STATEMENT
Title The tough-minded optimist /
Statement of responsibility, etc. Norman Vincent Peale
260 ## - PUBLICATION, DISTRIBUTION, ETC.
Place of publication, distribution, etc. Englewood Cliffs, N.J.:
Name of publisher, distributor, etc. Prentice-Hall,
Date of publication, distribution, etc. [1961]
300 ## - PHYSICAL DESCRIPTION
Extent 246 p.
Dimensions 21 cm.
650 #0 - SUBJECT ADDED ENTRY--TOPICAL TERM
Topical term or geographic name entry element Conduct of life.
9 (RLIN) 524
650 #0 - SUBJECT ADDED ENTRY--TOPICAL TERM
Topical term or geographic name entry element Peace of mind
9 (RLIN) 10669
650 #0 - SUBJECT ADDED ENTRY--TOPICAL TERM
Topical term or geographic name entry element Optimism
9 (RLIN) 11008
906 ## - LOCAL DATA ELEMENT F, LDF (RLIN)
a 7
b cbc
c oclcrpl
d u
e ncip
f 19
g y-gencatlg
942 ## - ADDED ENTRY ELEMENTS (KOHA)
Source of classification or shelving scheme Dewey Decimal Classification
Koha item type Books
Holdings
Withdrawn status Lost status Source of classification or shelving scheme Damaged status Not for loan Home library Current Library Shelving location Date acquired Total checkouts Full call number Barcode Date last seen Copy number Price effective from Koha item type
    Dewey Decimal Classification     GRACE BIBLE COLLEGE GRACE BIBLE COLLEGE Theology 2018-05-01   241.5 PEA 007038 2025-05-01 c.1 2018-05-01 Books
© Grace Bible College Library 2025